00422 2200157 4500001002100000005001500021035002000036245006800056100002700124300002700151260003000178082000800208084001400216020002200230990001200252INLIS00000000000184720250508015924 a0010-05250001391 aTanggap Bencana Alam :bGunung Berapi /cSinggih Sastradihardja0 aSinggih Sastradihardja a84 hlm ;c17,6 x 25 cm aBandung :bAngkasa,c2010 a900 a900 SIN t a978-979-665-596-0 a0754754